[Event "IPCA Wch 12th"]
[Site "Split"]
[Date "2012.06.19"]
[Round "3"]
[White "Mikheev, Stanislav Valerievi"]
[Black "Matijasevic, Ilja"]
[Result "1-0"]
[WhiteElo "2261"]
[BlackElo "2104"]
[PlyCount "47"]
[EventDate "2012.06.18"]
[EventType "swiss"]
[EventRounds "9"]
[EventCountry "CRO"]
[SourceTitle "CBM 149 Extra"]
[Source "ChessBase"]
[SourceDate "2012.08.24"]
[SourceVersion "1"]
[SourceVersionDate "2012.08.24"]
[SourceQuality "1"]

1. d4 Nf6 2. Bg5 c5 3. Bxf6 gxf6 4. d5 Qb6 5. Qc1 Bg7 6. Nd2 f5 7. Rb1 Qa5 8. e3 b5 9. Nh3 c4 10. c3 Bb7 11. Nf4 Be5 12. Be2 Bxf4 13. exf4 Bxd5 14. 0-0 Qc7 15. Bf3 Bxf3 16. Nxf3 Nc6 17. Qe3 0-0 18. Rbd1 e6 19. Qc5 a6 20. Ne5 Rfd8 21. Rd6 Rac8 22. Rfd1 Nb8 23. Qe3 f6 24. Nxd7 1-0

[Event "IPCA Wch 12th"]
[Site "Split"]
[Date "2012.06.18"]
[Round "1"]
[White "Kurochkina, Elena"]
[Black "Matijasevic, Ilja"]
[Result "0-1"]
[WhiteElo "1818"]
[BlackElo "2104"]
[PlyCount "62"]
[EventDate "2012.06.18"]
[EventType "swiss"]
[EventRounds "9"]
[EventCountry "CRO"]
[SourceTitle "CBM 149 Extra"]
[Source "ChessBase"]
[SourceDate "2012.08.24"]
[SourceVersion "1"]
[SourceVersionDate "2012.08.24"]
[SourceQuality "1"]

1. d4 Nf6 2. c4 c5 3. d5 b5 4. cxb5 a6 5. bxa6 Bxa6 6. Nc3 g6 7. Nf3 Bg7 8. g3 d6 9. Bg2 0-0 10. 0-0 Nbd7 11. Qc2 Qc7 12. Rb1 Rfb8 13. b3 Ng4 14. Bb2 Nge5 15. Rfe1 Nxf3+ 16. Bxf3 Ne5 17. Bg2 c4 18. Ne4 Ra7 19. Bxe5 Bxe5 20. bxc4 Rxb1 21. Rxb1 Qxc4 22. Rb8+ Kg7 23. Qb1 Qxe2 24. h3 Bd3 25. Qb6 Rxa2 26. Qe3 Qd1+ 27. Kh2 Re2 28. Qg5 Rxe4 29. f4 Bf6 30. Qg4 Re2 31. Qc8 Rxg2+ 0-1

[Event "IPCA Wch 10th"]
[Site "Bialystok"]
[Date "2010.07.01"]
[Round "8"]
[White "Matijasevic, Ilja"]
[Black "Melnik, Galina Ivanovna"]
[Result "0-1"]
[WhiteElo "2101"]
[BlackElo "2001"]
[PlyCount "58"]
[EventDate "2010.06.26"]
[EventType "swiss"]
[EventRounds "9"]
[EventCountry "POL"]
[SourceTitle "EXT 2012"]
[Source "ChessBase"]
[SourceDate "2011.11.24"]
[SourceVersion "1"]
[SourceVersionDate "2011.11.24"]
[SourceQuality "1"]

1. e4 c6 2. d4 d5 3. Nc3 dxe4 4. Nxe4 Bf5 5. Ng3 Bg6 6. h4 h6 7. Nf3 Nd7 8. h5 Bh7 9. Bd3 Bxd3 10. Qxd3 Qc7 11. Bd2 e6 12. 0-0-0 Ngf6 13. Qe2 Bd6 14. Nf5 Bf4 15. Nxg7+ Kf8 16. Nxe6+ fxe6 17. Qxe6 Bxd2+ 18. Rxd2 Re8 19. Qf5 Rg8 20. d5 c5 21. Rg1 Rg4 22. g3 Qa5 23. a3 Qa4 24. Nh4 Rg5 25. Qf3 Qe4 26. Ng6+ Kf7 27. Qb3 Rxd5 28. Nf4 c4 29. Qc3 Qe1+ 0-1

[Event "IPCA Wch 10th"]
[Site "Bialystok"]
[Date "2010.06.30"]
[Round "7"]
[White "Yarmonov, Igor"]
[Black "Matijasevic, Ilja"]
[Result "1-0"]
[WhiteElo "2340"]
[BlackElo "2101"]
[PlyCount "85"]
[EventDate "2010.06.26"]
[EventType "swiss"]
[EventRounds "9"]
[EventCountry "POL"]
[SourceTitle "EXT 2012"]
[Source "ChessBase"]
[SourceDate "2011.11.24"]
[SourceVersion "1"]
[SourceVersionDate "2011.11.24"]
[SourceQuality "1"]

1. d4 Nf6 2. c4 c5 3. d5 b5 4. cxb5 a6 5. bxa6 Bxa6 6. Nc3 g6 7. e4 Bxf1 8. Kxf1 d6 9. g3 Bg7 10. Kg2 0-0 11. Nf3 Nbd7 12. Qe2 Qc7 13. Bf4 Rfb8 14. Rab1 Rb6 15. Rhc1 Qb7 16. Rc2 e6 17. Rd1 exd5 18. exd5 Re8 19. Qd2 Ne4 20. Nxe4 Rxe4 21. b3 Nf6 22. Qd3 Qe7 23. Bg5 h6 24. Bxf6 Bxf6 25. Rc4 Rb4 26. Rdc1 Kg7 27. Rxe4 Rxe4 28. Rc4 Re2 29. Rc2 Re4 30. a3 g5 31. h3 h5 32. Rc4 Re2 33. g4 h4 34. Rc2 Re4 35. Kf1 Rf4 36. Rc4 Be5 37. Rxf4 Bxf4 38. a4 Qf6 39. Kg2 Qa1 40. Qf5 f6 41. Nxh4 Qd4 42. Qd7+ Kg8 43. Qe6+ 1-0

[Event "Bizovac Metalis op 15th"]
[Site "Bizovac"]
[Date "2008.02.22"]
[Round "4"]
[White "Mihalinec, Damir"]
[Black "Matijasevic, Ilja"]
[Result "1-0"]
[WhiteElo "2254"]
[BlackElo "2083"]
[PlyCount "103"]
[EventDate "2008.02.21"]
[EventType "swiss"]
[EventRounds "7"]
[EventCountry "CRO"]
[SourceTitle "CBM 122 Extra"]
[Source "ChessBase"]
[SourceDate "2008.03.04"]
[SourceVersion "1"]
[SourceVersionDate "2008.03.04"]
[SourceQuality "1"]

1. e4 e5 2. Nf3 Nc6 3. Bb5 Bc5 4. 0-0 Nf6 5. d3 d6 6. c3 0-0 7. Nbd2 a6 8. Ba4 Bg4 9. h3 Bh5 10. b4 Ba7 11. Bb2 b5 12. Bb3 d5 13. a3 Qd7 14. Qc2 Rad8 15. Rfe1 Rfe8 16. Rac1 Bg6 17. Nf1 a5 18. Ng3 a4 19. Ba2 dxe4 20. dxe4 Qd3 21. c4 Qxc2 22. Rxc2 bxc4 23. Rxc4 Nd4 24. Nh4 Bb6 25. Nxg6 hxg6 26. Nf1 Nb5 27. Bb1 Rd7 28. Bc2 Nd6 29. Rc6 Rde7 30. Nd2 Ra8 31. Nf3 Nd7 32. Rd1 f6 33. g4 Nf8 34. Rdxd6 cxd6 35. Rxb6 Rc7 36. Bd3 Ne6 37. Rxd6 Nf4 38. Nxe5 fxe5 39. Bxe5 Nxd3 40. Rxd3 Re7 41. f4 g5 42. Rd4 gxf4 43. Bxf4 Rf7 44. Bd6 Rf3 45. b5 Rb3 46. b6 Rxb6 47. Bb4 Rc6 48. Kf2 Rf6+ 49. Kg3 Rc8 50. e5 Rf1 51. e6 Re8 52. e7 1-0

[Event "Bizovac Metalis op 14th"]
[Site "Bizovac"]
[Date "2007.02.23"]
[Round "4"]
[White "Matijasevic, Ilja"]
[Black "Bender, Ivan"]
[Result "0-1"]
[WhiteElo "2091"]
[BlackElo "2311"]
[PlyCount "52"]
[EventDate "2007.02.22"]
[EventType "swiss"]
[EventRounds "7"]
[EventCountry "CRO"]
[SourceTitle "CBM 116 Extra"]
[Source "ChessBase"]
[SourceDate "2007.03.07"]
[SourceVersion "1"]
[SourceVersionDate "2007.03.07"]
[SourceQuality "1"]

1. e4 c5 2. Nf3 d6 3. d4 cxd4 4. Nxd4 Nf6 5. Nc3 a6 6. Bc4 e6 7. Bb3 b5 8. 0-0 Be7 9. f4 Qc7 10. f5 e5 11. Nde2 Bb7 12. Ng3 Nbd7 13. Bg5 Rc8 14. Nh5 Qb6+ 15. Kh1 Rxc3 16. bxc3 Nxe4 17. Nxg7+ Kd8 18. Bxe7+ Kxe7 19. f6+ Ndxf6 20. Nf5+ Kd7 21. Bxf7 h5 22. Nxd6 Qxd6 23. Qf3 Kc7 24. Rad1 Qc5 25. Qf5 h4 26. c4 Ng3+ 0-1

[Event "Djakovo op-B"]
[Site "Djakovo"]
[Date "2006.05.02"]
[Round "4"]
[White "Matijasevic, Ilja"]
[Black "Ramesa, Davor"]
[Result "0-1"]
[WhiteElo "2092"]
[BlackElo "2264"]
[PlyCount "94"]
[EventDate "2006.04.30"]
[EventType "swiss"]
[EventRounds "9"]
[EventCountry "CRO"]
[SourceTitle "CBM 112 Extra"]
[Source "ChessBase"]
[SourceDate "2006.07.14"]
[SourceVersion "1"]
[SourceVersionDate "2006.07.14"]
[SourceQuality "1"]

1. e4 c5 2. Nf3 e6 3. d4 cxd4 4. Nxd4 a6 5. Bd3 Bc5 6. Nb3 Be7 7. Qg4 g6 8. Nc3 d6 9. Be3 Nf6 10. Qf3 Nc6 11. Bh6 Ne5 12. Qe2 Nfg4 13. Bg7 Rg8 14. Bxe5 Nxe5 15. 0-0 Bd7 16. a4 g5 17. a5 g4 18. Nd4 Qc7 19. f4 Qc5 20. Qe3 Nc6 21. Nce2 e5 22. Nf5 Bxf5 23. Qxc5 dxc5 24. exf5 Bf6 25. Bc4 Rd8 26. Nc3 exf4 27. Rxf4 Bd4+ 28. Kf1 Kf8 29. Ne2 Be5 30. Re4 Rg5 31. Bd3 Rxf5+ 32. Ke1 Rh5 33. Rxg4 Rxh2 34. Kf2 Rh6 35. Rc4 Bd6 36. Be4 Ne5 37. Rc3 c4 38. Rh3 Bc5+ 39. Ke1 Rf6 40. Nc3 h6 41. Rh5 Re8 42. Nd5 Rd6 43. Kf1 Ng4 44. Bf3 Ne3+ 45. Nxe3 Bxe3 46. Bxb7 Rb8 47. Bxa6 Rxa6 0-1

[Event "Bizovac Metalis op 13th"]
[Site "Bizovac"]
[Date "2006.02.25"]
[Round "6"]
[White "Drmic, Tomislav"]
[Black "Matijasevic, Ilja"]
[Result "1-0"]
[WhiteElo "2236"]
[BlackElo "2091"]
[PlyCount "39"]
[EventDate "2006.02.23"]
[EventType "swiss"]
[EventRounds "7"]
[EventCountry "CRO"]
[SourceTitle "CBM 110 Extra"]
[Source "ChessBase"]
[SourceDate "2006.03.10"]
[SourceVersion "2"]
[SourceVersionDate "2006.03.10"]
[SourceQuality "1"]

1. e4 e5 2. Nc3 Nf6 3. Bc4 Bb4 4. Nge2 0-0 5. d3 d5 6. exd5 Nxd5 7. 0-0 Nb6 8. Bb3 Bg4 9. f4 Nc6 10. h3 Qh4 11. Ne4 Bf5 12. N2g3 Bxe4 13. Nxe4 h6 14. c3 Bd6 15. f5 Nd7 16. Be3 Kh7 17. Qe2 Qd8 18. f6 g6 19. Qg4 h5 20. Qg5 1-0

[Event "Djakovo op-B"]
[Site "Djakovo"]
[Date "2005.05.06"]
[Round "8"]
[White "Matic, Zeljko"]
[Black "Matijasevic, Ilja"]
[Result "1-0"]
[WhiteElo "2209"]
[BlackElo "2077"]
[PlyCount "58"]
[EventDate "2005.05.01"]
[EventType "swiss"]
[EventRounds "9"]
[EventCountry "CRO"]
[SourceTitle "CBM 106 Extra"]
[Source "ChessBase"]
[SourceDate "2005.07.01"]
[SourceVersion "1"]
[SourceVersionDate "2005.07.01"]
[SourceQuality "1"]

1. d4 Nf6 2. c4 c5 3. d5 b5 4. Nf3 g6 5. Nfd2 Bg7 6. e4 d6 7. cxb5 a6 8. b6 Qxb6 9. Be2 0-0 10. 0-0 Nbd7 11. a4 Rb8 12. Na3 Qc7 13. Rb1 Rb4 14. Qc2 e6 15. Nac4 exd5 16. exd5 Bb7 17. Nf3 Bxd5 18. Bf4 Ne5 19. Bxe5 dxe5 20. Nfxe5 Re8 21. f4 Nd7 22. Rbd1 Nxe5 23. fxe5 Be6 24. Rc1 Reb8 25. Qe4 Rxa4 26. Qe3 Rxc4 27. Bxc4 Bxe5 28. Bxe6 Bd4 29. Qxd4 cxd4 1-0

[Event "Bizovac Metalis op 12th"]
[Site "Bizovac"]
[Date "2005.02.24"]
[Round "2"]
[White "Matijasevic, Ilja"]
[Black "Feletar, Darko"]
[Result "0-1"]
[WhiteElo "2029"]
[BlackElo "2392"]
[PlyCount "102"]
[EventDate "2005.02.24"]
[EventType "swiss"]
[EventRounds "7"]
[EventCountry "CRO"]
[SourceTitle "CBM 105 Extra"]
[Source "ChessBase"]
[SourceDate "2005.05.01"]
[SourceVersion "1"]
[SourceVersionDate "2005.05.01"]
[SourceQuality "1"]

1. e4 c5 2. Nf3 d6 3. d4 cxd4 4. Nxd4 Nf6 5. Nc3 g6 6. Be3 Bg7 7. f3 Nc6 8. Bc4 0-0 9. Qd2 Bd7 10. 0-0-0 Ne5 11. Bb3 Rc8 12. Kb1 Re8 13. g4 b5 14. h4 a5 15. a3 b4 16. axb4 axb4 17. Na2 Nc4 18. Bxc4 Rxc4 19. Qd3 Qc7 20. Nb3 Rc8 21. Rc1 Bb5 22. Bd4 Qb7 23. Qd2 Ra8 24. Nxb4 Ba4 25. Bc3 Qa7 26. Bd4 Nxe4 27. Bxa7 Nxd2+ 28. Nxd2 Rxb4 29. c3 Rb7 30. Be3 Rc8 31. Ne4 f5 32. gxf5 gxf5 33. Ng3 Rxc3 34. Rxc3 Bxc3 35. Rh2 e6 36. Ka2 Be5 37. f4 Bh8 38. Rd2 Bb3+ 39. Kb1 Bd5 40. Ne2 Be4+ 41. Ka2 Bf6 42. Nc3 d5 43. h5 Kf7 44. Nxe4 fxe4 45. Bd4 Bxd4 46. Rxd4 Kf6 47. Ra4 Kf5 48. b4 e3 49. Kb3 e2 50. Ra1 Kxf4 51. Re1 Ke3 0-1